000 00782nam a2200217Ia 4500
003 GCL
008 140319s9999 xx 000 0 ara d
040 _aGCL /
_cGCL
082 0 4 _a070.43
_bا م
100 1 _aابراهيم عبدالله المسلمى
245 1 0 _aمصادر الاخبار العالمية فى الصحافة :
_bدراسة حالة لجريدة الاهرام /
_cابراهيم عبدالله المسلمى
260 _aالقاهرة :
_bالعربى للنشر والتوزيع
300 _a139 ص ؛
_c24 سم
650 0 4 _aالصحافة
650 0 4 _aالاهرام
650 0 4 _aوسائل الاعلام
650 0 4 _aوكالات الانباء
650 0 4 _aالصحف
650 0 4 _aالمقالات الصحفية
942 _2ddc
_cBK
999 _c47967
_d47967